LA MILITARIZACION DEL ESTADO LATINOAMERICANO: ALGUNAS INTERPRETACIONES/

Tallennettuna:
Bibliografiset tiedot
Muut tekijät: Cueva, Agustín (autor) (autor)
Aineistotyyppi: Kirja
Sarja:CUADERNOS TEORIA Y SOCIEDAD; 6
Aiheet:
Tagit: Lisää tagi
Ei tageja, Lisää ensimmäinen tagi!

MARC

LEADER 00000nam^a2200000^a^4500
001 000224134
005 20250521000000.0
009 20260310104041.041
035 |a 043252 
037 |a Acervo Xavier Clavigero 
082 |a 321. 94  |b MIL 
245 1 3 |a LA MILITARIZACION DEL ESTADO LATINOAMERICANO:  |b ALGUNAS INTERPRETACIONES/  |c A. CUEVA ...[ ET. AL.] 
264 |a México :  |b UAM, 
300 |a 234p. 
336 |a texto  |b txt  |2 rdacontenido 
337 |a sin mediación  |b n  |2 rdamedio 
338 |a volumen  |b nc  |2 rdasoporte 
440 |a CUADERNOS TEORIA Y SOCIEDAD;  |v 6 
649 |a XX 
650 |a Totalitarismo -  |z Latinoamérica 
650 |a MILITARISMO -  |x HISPANOAMERICA 
700 |a Cueva, Agustín  |e (autor) 
910 |a Fondo General 
920 |a Impresos - Libros 
930 |a Colección General 
905 |a 101 
901 |a 043252  |b IT1  |c ACC  |i 043252  |u 20250521 
902 |a https://opac.biblio.iteso.mx/vufind/Record/000224134